| 000 | 00897nam a2200253Ia 4500 | ||
|---|---|---|---|
| 003 | OSt | ||
| 005 | 20220923221736.0 | ||
| 006 | a|||||r|||| 00| 0 | ||
| 007 | ta | ||
| 008 | 220922b |||||||| |||| 00| 0 hin d | ||
| 024 | _a199,708 | ||
| 037 | _cTextual | ||
| 040 |
_aARTS _cARTS _bhin |
||
| 041 |
_2hin _ahin |
||
| 082 | _aQ22v, 152L6 | ||
| 100 | _aजायसवाल, सुवीरा | ||
| 245 | 0 | _aवैष्णव धर्म का उद्भव और विकास अनु अनंतलाल चौधरी | |
| 246 | _aVaiṣhṇav dharma kā udbhav aur vikās anu0 anantalāl chaudharī | ||
| 260 |
_aदिल्ली _b मैकमिलन _c1976 |
||
| 300 |
_a280पृ. _ccm. |
||
| 650 | _aधर्मशास्त्र | ||
| 942 |
_hQ22v, 152L6 _cTEXL _2CC |
||
| 999 |
_c351447 _d351447 |
||